000 00434pab a2200169 454500
008 180718b2002 xxu||||| |||| 00| 0 eng d
100 _aSengupta, M.
245 _aTwo-year B.Ed.programme: an experiment in quality teacher education
260 _c2002
300 _ap.1-5.
362 _a11 Nov
650 _aTeacher education
700 _aChugtai, I.B.
700 _aKakaria V.K.
773 _aUniversity News
909 _a54541
999 _c54541
_d54541